[Event "It (open)"]
[Site "masterchessopen.com Kassel (Germany)"]
[Round "6"]
[White "Schoepe Jan (GER)"]
[Black "Bierbach Utz-Friedrich (GER)"]
[Result "1-0"]
[WhiteElo "2308"]
[BlackElo "1990"]

1.e4 c5 2.Nf3 Nc6 3.Bb5 g6 4.O-O Bg7 5.c3 a6 6.Bxc6 dxc6 7.d3 Qc7 8.h3 Bd7
9.Be3 b6 10.Qe2 Nf6 11.Nbd2 O-O 12.d4 cxd4 13.cxd4 h5 14.Rac1 Qb7 15.Ne5 Rac8
16.Nxd7 Nxd7 17.Rc2 e5 18.dxe5 Nxe5 19.f4 Nd7 20.Nc4 Qb8 21.Rd1 Nc5 22.Nxb6
{#r} 1-0

[Event "It (open)"]
[Site "masterchessopen.com Muenster (Germany)"]
[Round "1"]
[White "Golubev Mikhail (UKR)"]
[Black "Heine Rolf (GER)"]
[Result "1-0"]
[WhiteElo "2545"]
[BlackElo "1922"]

1.e4 c5 2.Nf3 Nc6 3.Bb5 g6 4.O-O Bg7 5.Re1 e5 6.c3 Nge7 7.b4 cxb4 8.d4 exd4
9.cxd4 O-O 10.Bg5 h6 11.Bh4 g5 12.Bg3 Nxd4 13.Nxd4 Qb6 14.e5 {#r} 1-0

[Event "Ch World (juniors) (under 18)"]
[Site "masterchessopen.com Szeged (Hungary)"]
[Round "0"]
[White "Sutovsky Emil (ISR)"]
[Black "Tomicic Zvonimir (CRO)"]
[Result "1-0"]
[WhiteElo "2480"]
[BlackElo "2217"]

1.e4 c5 2.Nf3 Nc6 3.Bb5 g6 4.Bxc6 bxc6 5.O-O Bg7 6.Re1 e5 7.c3 Qb6 8.Na3 Ba6
9.d3 Ne7 10.Be3 d5 11.exd5 cxd5 12.Qa4+ Qc6 13.Qxc6+ Nxc6 14.Bxc5 Bxd3 15.Rad1
Be4 16.Nb5 Bxf3 17.gxf3 O-O-O 18.Nd6+ Rxd6 19.Bxd6 Rd8 20.Rxd5 {#r} 1-0

[Event "It (open)"]
[Site "masterchessopen.com USA"]
[Round "0"]
[White "Aird Ian (SCO)"]
[Black "Young Angelo (PHI)"]
[Result "0-1"]
[WhiteElo "2000"]
[BlackElo "2343"]

1.e4 c5 2.Nf3 Nc6 3.Bb5 g6 4.O-O Bg7 5.c3 a6 6.Bxc6 dxc6 7.d4 cxd4 8.cxd4 Bg4
9.Qb3 Bxf3 10.gxf3 Qd7 11.Be3 Nf6 12.Nd2 O-O 13.Nc4 Qh3 14.Ne5 Nh5 15.Bg5 e6
16.Ng4 f6 17.Bd2 Kh8 18.Rac1 Rad8 19.Rc4 f5 20.Nh6 g5 {#R} 0-1

[Event "It (active)"]
[Site "masterchessopen.com Eupen (Belgium)"]
[Round "7"]
[White "Vogelmann Peter (GER)"]
[Black "Schmittdiel Eckhard (GER)"]
[Result "0-1"]
[WhiteElo "2310"]
[BlackElo "2435"]

1.e4 c5 2.Nf3 Nc6 3.Bb5 g6 4.O-O Bg7 5.c3 Nf6 6.Re1 O-O 7.d4 Qb6 8.Bf1 cxd4
9.cxd4 d5 10.e5 Ne4 11.Nc3 Be6 12.Bd3 Rad8 13.Bxe4 dxe4 14.Rxe4 Bf5 15.Re1
Nxd4 16.Be3 Nxf3+ 17.Qxf3 Qxb2 18.Nd5 Qxe5 {#R} 0-1

[Event "It (open)"]
[Site "masterchessopen.com Geneva (Switzerland)"]
[Round "4"]
[White "Vianin Pascal (SUI)"]
[Black "Daverio Edoardo (SUI)"]
[Result "1-0"]
[WhiteElo "2185"]
[BlackElo "2038"]

1.e4 c5 2.Nf3 Nc6 3.Bb5 g6 4.O-O Bg7 5.c3 d6 6.d4 Bg4 7.d5 a6 8.Ba4 b5 9.dxc6
bxa4 10.Qxa4 Nf6 11.e5 Bxf3 12.exf6 exf6 {#r} 1-0

[Event "It (open)"]
[Site "masterchessopen.com Isle of Lewis (Scotland)"]
[Round "0"]
[White "Pickles Stephen (AUS)"]
[Black "Beveridge Allan (SCO)"]
[Result "0-1"]
[WhiteElo "2235"]
[BlackElo "2100"]

1.e4 c5 2.Nf3 Nc6 3.Bb5 g6 4.O-O Bg7 5.c3 Nf6 6.Qe2 O-O 7.d4 cxd4 8.cxd4 d5
9.e5 Ne4 10.Be3 Bg4 11.h3 Bf5 12.Nh4 Be6 13.Nd2 Qa5 14.Nb3 Qd8 15.Bd3 Na5
16.Nxa5 Qxa5 17.Rfd1 Qd8 18.f3 Ng3 19.Qf2 Nf5 20.Nxf5 Bxf5 21.Bxf5 gxf5 {#R}
0-1

[Event "Ch Portugal"]
[Site "masterchessopen.com Lisbon (Portugal)"]
[Round "9"]
[White "Galego Luis (POR)"]
[Black "Gomes Jorge (POR)"]
[Result "1-0"]
[WhiteElo "2430"]
[BlackElo "2099"]

1.e4 c5 2.Nf3 Nc6 3.Bb5 g6 4.O-O Bg7 5.Re1 a6 6.Bxc6 bxc6 7.d3 d6 8.e5 d5
9.Nc3 Nh6 10.Na4 Qa5 11.b3 Bg4 12.Bd2 Qc7 13.Bxh6 Bxh6 14.Nxc5 e6 15.h3 Bxf3
16.Qxf3 O-O 17.d4 Ra7 18.Re2 Qb6 19.h4 Rc8 20.Qg4 Bf8 21.Nxe6 {#r} 1-0

[Event "It (open)"]
[Site "masterchessopen.com Lomas de Zamora (Argentina)"]
[Round "5"]
[White "Malbran Guillermo (ARG)"]
[Black "Sola Ruben (ARG)"]
[Result "1-0"]
[WhiteElo "2355"]
[BlackElo "2338"]

1.e4 c5 2.Nf3 Nc6 3.Bb5 g6 4.O-O Bg7 5.c3 e5 6.d4 exd4 7.cxd4 cxd4 8.Bf4 Nge7
9.Bd6 O-O 10.Nbd2 Re8 11.Bc4 h6 12.Bxf7+ Kxf7 13.Qb3+ Kf8 14.Ng5 hxg5 15.f4
Bf6 16.fxg5 Ne5 17.gxf6 Qa5 18.fxe7+ Kg7 19.Bxe5+ Qxe5 20.Qf7+ {#r} 1-0

[Event "It (open)"]
[Site "masterchessopen.com Sarospatak (Hungary)"]
[Round "0"]
[White "Jacko Vladimir (SVK)"]
[Black "Deak Sandor (HUN)"]
[Result "0-1"]
[WhiteElo "2026"]
[BlackElo "2325"]

1.e4 c5 2.Nf3 Nc6 3.Bb5 g6 4.O-O Bg7 5.Re1 Nf6 6.e5 Nd5 7.d3 d6 8.h3 Qb6 9.a4
O-O 10.exd6 exd6 11.Na3 Bf5 12.Nc4 Qc7 13.Bg5 a6 14.Bxc6 Qxc6 15.Qc1 b5
16.axb5 axb5 17.Rxa8 Rxa8 18.Ne3 Re8 19.h4 h5 {#R} 0-1

[Event "It (open) (juniors) (under 18)"]
[Site "masterchessopen.com Sarospatak (Hungary)"]
[Round "0"]
[White "Balogh Istvan (HUN)"]
[Black "Gonczi Jozsef (HUN)"]
[Result "0-1"]
[WhiteElo "1717"]
[BlackElo "2138"]

1.e4 c5 2.Nf3 Nc6 3.Bb5 g6 4.Nc3 Bg7 5.O-O a6 6.Ba4 b5 7.Bxb5 axb5 8.Nxb5 Nf6
9.d3 O-O 10.Bf4 d6 11.c4 Nh5 12.Bc1 f5 13.Qe2 fxe4 14.Qxe4 Bb7 15.Ng5 Qd7
16.Qd5+ Kh8 17.Nf7+ Rxf7 18.Qxf7 Rf8 19.Qd5 Ne5 {#R} 0-1

[Event "Ch Slovenia (corr.)"]
[Site "masterchessopen.com Slovenia"]
[Round "0"]
[White "Spelec Darko (SLO)"]
[Black "Vetrih Joze (SLO)"]
[Result "0-1"]
[WhiteElo "2024"]
[BlackElo "2127"]

1.e4 c5 2.Nf3 Nc6 3.Bb5 g6 4.O-O Bg7 5.Re1 Nf6 6.c3 O-O 7.d3 d6 8.Na3 Bd7
9.Nc2 a6 10.Ba4 b5 11.Bb3 Na5 12.Ne3 Nxb3 13.axb3 Bc6 {#R} 0-1

[Event "Ch Russia (1/2 final)"]
[Site "masterchessopen.com Yaroslavl (Russia)"]
[Round "7"]
[White "Ivanov Sergey B (RUS)"]
[Black "Beznosikov Vladimir (RUS)"]
[Result "1-0"]
[WhiteElo "2259"]
[BlackElo "2305"]

1.e4 c5 2.Nf3 Nc6 3.Bb5 g6 4.O-O Bg7 5.Bxc6 bxc6 6.d3 d5 7.Re1 Nf6 8.e5 Nd7
9.Nc3 O-O 10.Bf4 Nb6 11.h3 Be6 12.Qd2 Qd7 13.Bh6 Rfe8 14.Bxg7 Kxg7 15.Ne2 a5
16.Nf4 Qb7 17.Ng5 Qc8 18.Re3 d4 19.Nfxe6+ fxe6 20.Rf3 Nd5 21.Rf7+ Kh8 {#r} 1-0

[Event "Ch Berlin"]
[Site "masterchessopen.com Berlin (Germany)"]
[Round "3"]
[White "Hintze Peter (GER)"]
[Black "Glienke Manfred Dr (GER)"]
[Result "0-1"]
[WhiteElo "2067"]
[BlackElo "2325"]

1.e4 c5 2.Nf3 Nc6 3.Bb5 g6 4.O-O Bg7 5.c3 Nf6 6.Re1 O-O 7.d4 cxd4 8.cxd4 d5
9.e5 Ne4 10.Nbd2 Nxd2 11.Bxd2 Qb6 12.Bxc6 bxc6 13.b4 Bg4 14.Bc3 f6 15.Re3 fxe5
16.dxe5 Bxf3 17.Rxf3 Rxf3 18.gxf3 Rf8 {#R} 0-1

[Event "It (open)"]
[Site "masterchessopen.com Hajduboszormeny (Hungary)"]
[Round "0"]
[White "Nemes Zoltan (HUN)"]
[Black "Szava Miklos (HUN)"]
[Result "1-0"]
[WhiteElo "2078"]
[BlackElo "2119"]

1.e4 c5 2.Nf3 Nc6 3.Bb5 g6 4.O-O Bg7 5.c3 e6 6.d4 cxd4 7.cxd4 Nge7 8.d5 Ne5
9.Nxe5 Bxe5 10.Na3 a6 11.Nc4 Bb8 12.Qd4 e5 13.Nxe5 Bxe5 14.Qxe5 O-O 15.Bg5 f6
16.Bxf6 Rxf6 17.Qxf6 axb5 18.Rfc1 Ra6 19.d6 {#r} 1-0

[Event "It (open)"]
[Site "masterchessopen.com Leiner"]
[Round "1"]
[White "Baumegger Siegfried (AUT)"]
[Black "Walzl Martin (AUT)"]
[Result "1-0"]
[WhiteElo "2310"]
[BlackElo "2153"]

1.e4 c5 2.Nf3 Nc6 3.Bb5 g6 4.O-O Bg7 5.Re1 e5 6.b4 cxb4 7.a3 bxa3 8.Nxa3 a6
9.Nc4 d6 10.Ba3 Bf8 11.Bxc6+ bxc6 12.d4 Be6 13.d5 cxd5 14.exd5 Bf5 15.Nfxe5
dxe5 16.Nxe5 {#r} 1-0

[Event "Ch Russia (club) (1 liga)"]
[Site "masterchessopen.com Orel (Russia)"]
[Round "7"]
[White "Zaitsev Igor A (RUS)"]
[Black "Vokarev Sergey (RUS)"]
[Result "1-0"]
[WhiteElo "2435"]
[BlackElo "2310"]

1.e4 c5 2.Nf3 Nc6 3.Bb5 g6 4.O-O Bg7 5.c3 Nf6 6.e5 Nd5 7.d4 cxd4 8.cxd4 O-O
9.Nc3 Nxc3 10.bxc3 d6 11.exd6 Qxd6 12.Re1 Bg4 13.h3 Bxf3 14.Qxf3 e6 15.Bf4 Qd7
16.Bxc6 bxc6 17.Rab1 Rfe8 18.Red1 Qd5 19.Rb7 Qxf3 20.gxf3 a5 21.a4 h5 22.Bc7
Bf8 {#r} 1-0

[Event "Ch Europe (juniors) (under 16)"]
[Site "masterchessopen.com Rimavska Sobota (Slovakia)"]
[Round "3"]
[White "Horvath Andras (HUN)"]
[Black "Bastys Robertas (LTU)"]
[Result "1-0"]
[WhiteElo "2308"]
[BlackElo "2236"]

1.e4 c5 2.Nf3 Nc6 3.Bb5 g6 4.O-O Bg7 5.c3 Qb6 6.Ba4 e6 7.Na3 a6 8.Nc4 Qc7
9.Bxc6 Qxc6 10.e5 Ne7 11.Nd6+ Kf8 12.d4 b6 13.Ng5 f6 14.exf6 Qxd6 15.fxe7+
Kxe7 16.Qf3 {#r} 1-0

[Event "It (open)"]
[Site "masterchessopen.com Terrasa (Spain)"]
[Round "0"]
[White "Bravo Barranco Narciso (ESP)"]
[Black "Caballe Sasot Roger (ESP)"]
[Result "1-0"]
[WhiteElo "2260"]
[BlackElo "1952"]

1.e4 c5 2.Nf3 Nc6 3.Bb5 g6 4.O-O Bg7 5.Re1 e5 6.c3 a6 7.Bc4 Nge7 8.a4 O-O 9.d3
d6 10.Nbd2 Rb8 11.Nf1 b5 12.Ba2 Bd7 13.axb5 axb5 14.Bg5 h6 15.Be3 Kh7 16.d4
exd4 17.cxd4 c4 18.Bb1 Bg4 19.Ng5+ {#r} 1-0

[Event "Tournament (team)"]
[Site "masterchessopen.com Wasserburg (Germany)"]
[Round "3"]
[White "Stuermer Robin (GER)"]
[Black "Bromberger Stefan (GER)"]
[Result "0-1"]
[WhiteElo "2186"]
[BlackElo "2511"]

1.e4 c5 2.Nf3 Nc6 3.Bb5 g6 4.O-O Bg7 5.c4 Nf6 6.d3 O-O 7.Nc3 Ne8 8.Bg5 Nc7
9.Bxc6 dxc6 10.Qc2 Bg4 11.Ne1 Ne6 12.Bd2 Nd4 13.h3 Nxc2 {#R} 0-1

[Event "Ch Hessen (MVT)"]
[Site "masterchessopen.com Bergen-Enkheim (Germany)"]
[Round "6"]
[White "Mueller Achim (GER)"]
[Black "Bender Dirk (GER)"]
[Result "0-1"]
[WhiteElo "1992"]
[BlackElo "2070"]

1.e4 c5 2.Nf3 Nc6 3.Bb5 g6 4.O-O Bg7 5.Re1 e6 6.Bxc6 bxc6 7.e5 f6 8.d4 cxd4
9.Qxd4 fxe5 10.Qc3 Ne7 11.Bg5 O-O 12.Qa3 d6 13.Nxe5 Bxe5 14.Rxe5 dxe5 15.Nc3
Qb6 16.Ne4 Nd5 17.c4 Qd4 18.Bh6 Rf7 19.Qd6 Nb6 20.Qxc6 Bb7 {#R} 0-1

[Event "It (open)"]
[Site "masterchessopen.com Brugge (Belgium)"]
[Round "2"]
[White "Lammens Tim (NED)"]
[Black "Lammens Tijs"]
[Result "1-0"]
[WhiteElo "2302"]
[BlackElo "2195"]

1.e4 c5 2.Nf3 Nc6 3.Bb5 g6 4.c3 Bg7 5.d4 cxd4 6.cxd4 d5 7.exd5 a6 8.Bxc6+ bxc6
9.dxc6 Nf6 10.Nc3 Qd6 11.Qa4 O-O 12.O-O Be6 13.b3 Rfc8 14.Ne5 Bd5 15.Nxd5 Nxd5
16.Ba3 Qc7 17.Rfe1 Nc3 18.Qc4 Bxe5 19.Rxe5 Nb5 20.Rxe7 Qf4 21.Bc1 {#r} 1-0

[Event "Ch Catalunia (team)"]
[Site "masterchessopen.com Catalunia (Spain)"]
[Round "3"]
[White "Herms Agullo Jordi (ESP)"]
[Black "Granados Gomez Manuel (ESP)"]
[Result "0-1"]
[WhiteElo "2074"]
[BlackElo "2330"]

1.e4 c5 2.Nf3 Nc6 3.Bb5 g6 4.Bxc6 dxc6 5.O-O Bg7 6.h3 e5 7.d3 Ne7 8.Be3 b6
9.Qd2 h6 10.a4 f5 11.Qc3 O-O 12.Nxe5 f4 13.Bc1 Kh7 14.Nd2 Qc7 15.Ndf3 g5 16.b3
g4 17.hxg4 Bxg4 18.Bb2 Bxf3 19.gxf3 Ng6 20.Nxg6 Bxc3 21.Nxf8+ Rxf8 22.Bxc3
Rg8+ {#R} 0-1

[Event "It (open)"]
[Site "masterchessopen.com Creon (France)"]
[Round "0"]
[White "Vandystadt Arnaud (FRA)"]
[Black "Pagnoncelli Herve (FRA)"]
[Result "0-1"]
[WhiteElo "1919"]
[BlackElo "1861"]

1.e4 c5 2.Nf3 Nc6 3.Bb5 g6 4.O-O Bg7 5.c3 Nf6 6.Qe2 Qc7 7.d4 cxd4 8.cxd4 O-O
9.Nc3 Ng4 10.h3 Nxd4 {#R} 0-1

[Event "It (open)"]
[Site "masterchessopen.com Graz (Austria)"]
[Round "5"]
[White "Bawart Markus (AUT)"]
[Black "Beer Robert (SUI)"]
[Result "0-1"]
[WhiteElo "2325"]
[BlackElo "2338"]

1.e4 c5 2.Nf3 Nc6 3.Bb5 g6 4.O-O Bg7 5.Re1 e5 6.b4 cxb4 7.a3 Nge7 8.axb4 O-O
9.Bb2 Qb6 10.Na3 d6 11.Bxc6 bxc6 12.Nc4 Qxb4 13.d3 Rd8 14.Ba3 Qb8 15.Nfxe5 Qc7
16.Nf3 Be6 17.e5 dxe5 18.Nfxe5 Bxc4 19.Bxe7 Bxe5 {#R} 0-1

[Event "It (open)"]
[Site "masterchessopen.com Karl-Mala (Germany)"]
[Round "1"]
[White "Gramlich Sebastian (GER)"]
[Black "Uwira Oliver (GER)"]
[Result "1-0"]
[WhiteElo "2288"]
[BlackElo "2251"]

1.e4 c5 2.Nf3 Nc6 3.Bb5 g6 4.O-O Bg7 5.c3 Nf6 6.Re1 O-O 7.d4 d5 8.exd5 Qxd5
9.Be3 Rd8 10.c4 Qh5 11.d5 Ng4 12.Nbd2 Nd4 13.h3 Nxe3 14.Rxe3 Nxb5 15.cxb5 Rxd5
16.Rxe7 Be6 17.Qc2 Bf8 18.Rxb7 Bc8 19.Rc7 Bd6 20.Rc6 Bxh3 21.Ne4 Qg4 22.Nf6+
{#r} 1-0

[Event "Ch Moscow (for the Deaf) (final)"]
[Site "masterchessopen.com Moscow (Russia)"]
[Round "0"]
[White "Beketov Viktor (RUS)"]
[Black "Parfjonov Pavel (RUS)"]
[Result "0-1"]
[WhiteElo "2075"]
[BlackElo "2226"]

1.e4 c5 2.Nf3 Nc6 3.Bb5 g6 4.Bxc6 bxc6 5.c4 Bg7 6.d3 d6 7.h3 Rb8 8.Qe2 Qa5+
9.Bd2 Qb6 10.Bc3 Bxc3+ 11.bxc3 Qxb1+ {#R} 0-1

[Event "Ch World (team) (under 26)"]
[Site "masterchessopen.com Roque Saenz Pena (Argentina)"]
[Round "6"]
[White "Fierro Baquero Martha L (ECU)"]
[Black "Llorens Marcelo (CHI)"]
[Result "0-1"]
[WhiteElo "2160"]
[BlackElo "2235"]

1.e4 c5 2.Nf3 Nc6 3.Bb5 g6 4.c3 Bg7 5.d4 cxd4 6.cxd4 Nf6 7.Nc3 O-O 8.O-O d6
9.h3 a6 10.Ba4 Bd7 11.Bg5 h6 12.Be3 Rc8 13.Qd2 Kh7 14.e5 Ne8 15.e6 fxe6 16.Bc2
e5 17.Nh4 Bf5 18.g4 e6 19.gxf5 Qxh4 20.fxg6+ Kh8 21.dxe5 Nxe5 22.f4 Qg3+ {#R}
0-1

[Event "Ch World (team) (under 26)"]
[Site "masterchessopen.com Roque Saenz Pena (Argentina)"]
[Round "3"]
[White "Ovetchkin Roman (RUS)"]
[Black "Crosa Martin (URU)"]
[Result "1-0"]
[WhiteElo "2485"]
[BlackElo "2354"]

1.e4 c5 2.Nf3 Nc6 3.Bb5 g6 4.O-O Bg7 5.c3 e5 6.d4 cxd4 7.cxd4 exd4 8.Bf4 Nge7
9.Bd6 O-O 10.Nbd2 a6 11.Bc4 b5 12.Bd5 Nxd5 13.Bxf8 Ne3 14.fxe3 Qxf8 15.exd4
Nxd4 16.e5 Qc5 17.Ne4 Nxf3+ 18.Kh1 Qxe5 19.Qxf3 d5 20.Qxf7+ Kh8 21.Ng5 h6
22.Rae1 Qxg5 {#r} 1-0

[Event "Ch Europe (juniors) (under 12)"]
[Site "masterchessopen.com Tallinn (Estonia)"]
[Round "2"]
[White "Baltag Iulian (MDA)"]
[Black "Mamedov Nidjat (AZE)"]
[Result "0-1"]
[WhiteElo "2409"]
[BlackElo "2295"]

1.e4 c5 2.Nf3 Nc6 3.Bb5 g6 4.O-O Bg7 5.Re1 e5 6.d3 Nge7 7.Be3 d6 8.Nc3 O-O
9.a3 Nd4 10.Bc4 Bg4 11.Bxd4 cxd4 12.Nd5 Nxd5 13.Bxd5 Rc8 14.Bb3 Kh8 15.h3 Bd7
16.Qd2 f5 17.exf5 gxf5 {#R} 0-1

[Event "Ch Europe (juniors) (under 14) (g)"]
[Site "masterchessopen.com Tallinn (Estonia)"]
[Round "6"]
[White "Berzina Ilze (LAT)"]
[Black "Dembo Yelena (GRE)"]
[Result "1-0"]
[WhiteElo "2308"]
[BlackElo "2090"]

1.e4 c5 2.Nf3 Nc6 3.Bb5 g6 4.O-O Bg7 5.c3 Nf6 6.Re1 O-O 7.d4 cxd4 8.cxd4 d5
9.e5 Ne4 10.Bxc6 bxc6 11.Be3 Qb6 12.Qc1 Ba6 13.Nbd2 Rab8 14.b3 Nxd2 15.Qxd2
Qb4 16.Qxb4 Rxb4 17.Rac1 Rc8 {#r} 1-0

[Event "Ch Europe (juniors) (under 14) (g)"]
[Site "masterchessopen.com Tallinn (Estonia)"]
[Round "4"]
[White "Berzina Ilze (LAT)"]
[Black "Javakhishvili Lela (GEO)"]
[Result "0-1"]
[WhiteElo "2308"]
[BlackElo "2110"]

1.e4 c5 2.Nf3 Nc6 3.Bb5 g6 4.O-O Bg7 5.Re1 e5 6.b3 Nge7 7.Bb2 O-O 8.a4 d6 9.h3
a6 10.Bf1 h6 11.Na3 f5 12.d3 Rb8 13.Bc3 b5 14.axb5 axb5 15.Nd2 d5 16.exd5 Nxd5
17.Rb1 b4 {#R} 0-1

[Event "It (open)"]
[Site "masterchessopen.com Bad Woerishofen (Germany)"]
[Round "6"]
[White "Schuster Gerhard (GER)"]
[Black "Wells Peter K (ENG)"]
[Result "0-1"]
[WhiteElo "2004"]
[BlackElo "2515"]

1.e4 c5 2.Nf3 Nc6 3.Bb5 g6 4.O-O Bg7 5.c3 Nf6 6.Re1 O-O 7.d4 d5 8.exd5 Qxd5
9.c4 Qd6 10.dxc5 Qxd1 11.Rxd1 Ne4 12.Ba4 Be6 13.Na3 Rfd8 14.Re1 Nxc5 15.Bc2
Nb4 16.h3 Rac8 17.Ng5 Nxc2 18.Nxc2 Nd3 19.Re3 Nxc1 20.Rxc1 Rxc4 21.Nxe6 fxe6
22.Rxe6 Bxb2 {#R} 0-1

[Event "Ch Czech Republic (juniors) (under 18)"]
[Site "masterchessopen.com Czech Republic"]
[Round "0"]
[White "Michalek Michal (SVK)"]
[Black "Vagner Tomas (CZE)"]
[Result "0-1"]
[WhiteElo "2154"]
[BlackElo "2314"]

1.e4 c5 2.Nf3 Nc6 3.Bb5 g6 4.Bxc6 dxc6 5.c3 Bg7 6.h3 e5 7.O-O Ne7 8.d3 O-O
9.Qe2 b6 10.Nbd2 Ba6 11.Nc4 Qc7 12.Nh2 Rad8 13.f4 Qd7 14.Rf3 Bxc4 15.dxc4 Qd1+
16.Qf1 Qc2 17.Re3 Rd1 18.Re1 Rfd8 19.Nf3 Rxe1 20.Nxe1 Qxe4 {#R} 0-1

[Event "Ch RLP"]
[Site "masterchessopen.com Eisenberg (Germany)"]
[Round "10"]
[White "Schumacher Olaf (GER)"]
[Black "Nazarenus Olaf (GER)"]
[Result "1-0"]
[WhiteElo "2330"]
[BlackElo "2046"]

1.e4 c5 2.Nf3 Nc6 3.Bb5 g6 4.O-O Bg7 5.Re1 Nf6 6.c3 O-O 7.d4 cxd4 8.cxd4 d5
9.e5 Ne8 10.h3 Bf5 11.Nc3 Nc7 12.Bd3 Qd7 13.Bf4 h6 14.Qd2 g5 15.Bxf5 Qxf5
16.Bg3 Rad8 17.a3 Ne6 18.b4 g4 19.hxg4 Qxg4 20.Rad1 a6 21.Na4 h5 22.Nc5 Bh6
{#r} 1-0

[Event "Ch France (juniors)"]
[Site "masterchessopen.com France"]
[Round "1"]
[White "Fressinet Laurent (FRA)"]
[Black "Piat Jerome (FRA)"]
[Result "1-0"]
[WhiteElo "2455"]
[BlackElo "2170"]

1.e4 c5 2.Nf3 Nc6 3.Bb5 g6 4.O-O Bg7 5.c3 d6 6.d4 cxd4 7.cxd4 Bd7 8.Nc3 a6
9.Ba4 b5 10.Bb3 Nf6 11.e5 dxe5 12.dxe5 Ng4 13.Bf4 O-O 14.Qe2 Na5 15.Rfd1 Nxb3
16.axb3 e6 17.Ne4 Qe7 18.h3 Nh6 19.Bxh6 {#r} 1-0

[Event "Oberliga NRW 1997/98"]
[Site "masterchessopen.com Germany"]
[Round "5"]
[White "Schaefer Juergen (GER)"]
[Black "Funke Reinhard (GER)"]
[Result "1-0"]
[WhiteElo "2107"]
[BlackElo "2152"]

1.e4 c5 2.Nf3 Nc6 3.Bb5 g6 4.O-O Bg7 5.c3 e5 6.d4 cxd4 7.cxd4 Nxd4 8.Nxd4 exd4
9.Bf4 Qb6 10.Na3 Qf6 11.Qd2 Qe7 12.Nc4 Nf6 13.Nd6+ Kf8 14.Rac1 Nxe4 15.Nxe4
{#r} 1-0

[Event "Ch Pan-American (w)"]
[Site "masterchessopen.com Isla Margarita (Venezuela)"]
[Round "1"]
[White "Leone Juliana (ARG)"]
[Black "Munoz Marco (HON)"]
[Result "1-0"]
[WhiteElo "2096"]
[BlackElo "2114"]

1.e4 c5 2.Nf3 Nc6 3.Bb5 g6 4.O-O Bg7 5.c3 Nf6 6.d4 cxd4 7.cxd4 O-O 8.Nc3 d6
9.h3 a6 10.Bd3 Bd7 11.e5 dxe5 12.dxe5 Ne8 13.Qe2 Nc7 14.Rd1 Ne6 15.Bc4 Qc8
16.Nd5 Qd8 17.Be3 Nxe5 18.Nxe5 Bxe5 19.Bb6 Bc7 20.Nxc7 Nxc7 21.Qe5 Rc8 22.Bd4
{#r} 1-0

[Event "Cup Russia (open)"]
[Site "masterchessopen.com Krasnodar (Russia)"]
[Round "5"]
[White "Yandemirov Valeri (RUS)"]
[Black "Bondarev B (RUS)"]
[Result "1-0"]
[WhiteElo "2470"]
[BlackElo "1926"]

1.e4 c5 2.Nf3 Nc6 3.Bb5 g6 4.O-O Bg7 5.c3 a6 6.Bxc6 dxc6 7.d3 Qd6 8.h3 f5
9.Qe2 e5 10.Nbd2 Be6 11.exf5 gxf5 12.Re1 e4 13.dxe4 O-O-O 14.exf5 Bxf5 15.Nc4
Qc7 16.Bg5 Bf6 17.Rad1 Bxg5 18.Nxg5 Nh6 19.Ne6 Qe7 20.Qe5 {#r} 1-0

[Event "Tournament"]
[Site "masterchessopen.com Laukaa (Finland)"]
[Round "4"]
[White "Nyysti Sampsa (FIN)"]
[Black "Salmela Hannu (FIN)"]
[Result "1-0"]
[WhiteElo "2170"]
[BlackElo "2041"]

1.e4 c5 2.Nf3 Nc6 3.Bb5 g6 4.O-O Bg7 5.Re1 a6 6.Bxc6 bxc6 7.d3 d5 8.e5 Rb8
9.Nc3 Qc7 10.Na4 Bg4 11.Nxc5 Bxf3 12.Qxf3 Qa5 13.b4 Qxb4 14.Be3 Qb5 15.c4 Qa5
16.cxd5 Bxe5 17.d4 Bd6 18.Bf4 Qd8 19.dxc6 Rb6 20.Nb7 {#r} 1-0

[Event "Memorial T.Petrosian (juniors)"]
[Site "masterchessopen.com Moscow (Russia)"]
[Round "2"]
[White "Epstein Anna (RUS)"]
[Black "Egorov Dmitry (RUS)"]
[Result "0-1"]
[WhiteElo "2096"]
[BlackElo "2353"]

1.e4 c5 2.Nf3 Nc6 3.Bb5 g6 4.O-O Bg7 5.c3 Qb6 6.Qe2 d6 7.h3 Bd7 8.Na3 Nf6 9.e5
Nxe5 10.Nxe5 dxe5 11.Bd3 Nd5 12.Nc4 Qc7 13.Be4 Be6 14.d3 O-O 15.Re1 f6 16.Bf3
Rad8 17.Bd2 b5 18.Ne3 Nf4 19.Qf1 Nxd3 20.Reb1 c4 21.a4 Nc5 22.Qe1 Nb3 {#R} 0-1

[Event "Ch Germany (juniors) (under 15) (g)"]
[Site "masterchessopen.com Oberhof (Germany)"]
[Round "4"]
[White "Gorka Christiane (GER)"]
[Black "Mast Vivien (GER)"]
[Result "1-0"]
[WhiteElo "1675"]
[BlackElo "2078"]

1.e4 c5 2.Nf3 Nc6 3.Bb5 g6 4.Bxc6 bxc6 5.O-O Bg7 6.Re1 Nf6 7.e5 Nd5 8.d4 cxd4
9.Qxd4 O-O 10.Qh4 f6 11.c4 Nb4 12.c5 Nc2 13.Qc4+ {#r} 1-0

[Event "Tournament (team)"]
[Site "masterchessopen.com Romania"]
[Round "9"]
[White "Greabca Diana (MDA)"]
[Black "Bonte Arghir (ROM)"]
[Result "0-1"]
[WhiteElo "2207"]
[BlackElo "1971"]

1.e4 c5 2.Nf3 Nc6 3.Bb5 g6 4.O-O Bg7 5.Re1 e5 6.b4 Nd4 7.Nxd4 cxd4 8.c3 Ne7
9.cxd4 exd4 10.e5 O-O 11.Bb2 d6 12.Bxd4 dxe5 13.Bxe5 Bxe5 14.Rxe5 Qd4 15.Rxe7
Qxa1 16.Qb3 Be6 17.Rxe6 fxe6 18.Qxe6+ Kh8 19.Bd3 Rae8 20.Qc4 Re1+ 21.Bf1 Rxb1
{#R} 0-1